Managing and Maintaining Your PC

Enregistré dans:
Détails bibliographiques
Auteur principal: Andrews, Jean
Format: Livre
Langue:English
Publié: 2004
Sujets:
Tags: Ajouter un tag
Pas de tags, Soyez le premier à ajouter un tag!
Thư viện lưu trữ: Mạng thư viện Đại học Đà Nẵng
LEADER 00825nam a22002531a 4500
001 000034993
003 11246
005 20151027134521.0
008 151027s2004 000 eng
041 |a eng 
082 |a 420.004  |b AN-J 
100 |a Andrews, Jean 
245 |a Managing and Maintaining Your PC  |c Jean Andrews 
260 |c 2004 
300 |a 716p. : ill ; 25cm 
650 |a Jean Andrews, 2004, Computer. PC 
OWN |a LNN 
AVA |a UDN50  |b LNN  |d 420.004 AN-J  |e available  |t Error 5001 Not defined in file expand_doc_bib_avail.  |f 1  |g 0  |h N  |i 0  |k 1 
999 |a From the UDN01 
AVA |a UDN50  |b LNN  |d 420.004 AN-J  |e available  |t Error 5001 Not defined in file expand_doc_bib_avail.  |f 1  |g 0  |h N  |i 0  |k 1 
TYP |a Monograph 
980 |a Mạng thư viện Đại học Đà Nẵng